<?xml version="1.0" encoding="UTF-8"?>
<record
    xmlns:xsi="http://www.w3.org/2001/XMLSchema-instance"
    xsi:schemaLocation="http://www.loc.gov/MARC21/slim http://www.loc.gov/standards/marcxml/schema/MARC21slim.xsd"
    xmlns="http://www.loc.gov/MARC21/slim">

  <leader>03250nam a2200313 a 4500</leader>
  <controlfield tag="001">000015098</controlfield>
  <controlfield tag="003">DO-SdBNP</controlfield>
  <controlfield tag="005">20221005115828.0</controlfield>
  <controlfield tag="008">100201s2002    ve   000 0 spa d</controlfield>
  <datafield tag="020" ind1=" " ind2=" ">
    <subfield code="a">9803171941</subfield>
  </datafield>
  <datafield tag="040" ind1=" " ind2=" ">
    <subfield code="a">DO-SdBNP</subfield>
    <subfield code="b">spa</subfield>
    <subfield code="c">BPMSU</subfield>
  </datafield>
  <datafield tag="082" ind1=" " ind2=" ">
    <subfield code="a">320.9729</subfield>
    <subfield code="b">D578r 2002</subfield>
    <subfield code="2">22</subfield>
  </datafield>
  <datafield tag="100" ind1="1" ind2=" ">
    <subfield code="a">Dilla, Haroldo</subfield>
  </datafield>
  <datafield tag="245" ind1="1" ind2="4">
    <subfield code="a">Los recursos de la gobernabilidad en la Cuenca del Caribe /</subfield>
    <subfield code="c">Haroldo Dilla ; edici&#xF3;n Carlos Gonz&#xE1;lez Ruiz.</subfield>
  </datafield>
  <datafield tag="260" ind1=" " ind2=" ">
    <subfield code="a">Caracas, Venezuela :</subfield>
    <subfield code="b">FLACSO,</subfield>
    <subfield code="c">2002.</subfield>
    <subfield code="b"> </subfield>
  </datafield>
  <datafield tag="300" ind1=" " ind2=" ">
    <subfield code="a">300 p. ;</subfield>
    <subfield code="c">23 cm.</subfield>
  </datafield>
  <datafield tag="500" ind1=" " ind2=" ">
    <subfield code="a">Incluye datos biogr&#xE1;ficos del autor en la solapa de la cubierta</subfield>
  </datafield>
  <datafield tag="504" ind1=" " ind2=" ">
    <subfield code="a">Incluye referencias bilbiogr&#xE1;ficas y notas al pie de las p&#xE1;ginas</subfield>
  </datafield>
  <datafield tag="504" ind1=" " ind2=" ">
    <subfield code="a">Incluye bibliograf&#xED;as</subfield>
  </datafield>
  <datafield tag="505" ind1="0" ind2=" ">
    <subfield code="a">Presentaci&#xF3;n - Rub&#xE9;n Sili&#xE9; 7 -- Introducci&#xF3;n - Haroldo Dilla Alfonso 9 -- Un debate sobre la gobernabilidad  -- Los recursos de la gobernabilidad en la Cuenca del Caribe: &#xBF;hay alternativas? - Haroldo Dilla Alfonso 13 -- Algunas consideraciones cr&#xED;ticas sobre la gobernabilidad en el Caribe - Carlos Sojo 35 -- Comentarios: una perspectiva desde la geopol&#xED;tica - Jorge Rodr&#xED;guez Beruff 47 -- "Nuevo orden panamericano" y gobernabilidad democr&#xE1;tica en el Gran Caribe - Luis Su&#xE1;rez Salazar 53 -- Vulnerabilidad econ&#xF3;mica, exposici&#xF3;n al riesgo y gobernabilidad en la Cuenca del Caribe - Guarocuya F&#xE9;lix 65 -- &#xBF;Son gobernables nuestras ciudades? - Carlos Garc&#xED;a Pley&#xE1;n 71 -- Nuevo tipo de gobernabilidad o ingobernabilidad regional - Sobeida de Jes&#xFA;s Cedano 77 -- Movimientos sociales y gobiernabilidad  -- Vieques: sociedad civil y nuevo escenario pol&#xED;tico - Jos&#xE9; Javier Col&#xF3;n Morera y Jos&#xE9; Rivera Santana 89 -- Futuro y realidad de los movimientos comunitarios en Cuba - Graciela Morales Pacheco 111 -- El movimiento barrial en la Rep&#xFA;blica Dominicana. Acercamiento a su lectura cultural - Tahira Vargas 127 -- Movimientos sociales en el Caribe - Blanca Ortiz-Torres 145 -- Movimientos sociales y pol&#xED;tica: tres experiencias latinoamericanas - Viviana Patroni 151 -- Estudios de casos nacionales  -- Cuba: los escenarios cambiantes de la gobernabilidad - Haroldo Dilla Alfonso 159 -- Democracia y gobernabilidad en Hait&#xED;: desaf&#xED;os y perspectivas (1986-2000) - Cary Hector 181 -- Rep&#xFA;blica Dominicana: la gobernabilidad obstruida por la exclusi&#xF3;n pol&#xED;tica - C&#xE9;sar P&#xE9;rez 207 -- M&#xE9;xico pos PRI: crisis de la autonom&#xED;a estatal, estancamiento econ&#xF3;mico y retos para la gobernabilidad - Jos&#xE9; Luis Le&#xF3;n 235 -- La crisis pol&#xED;tica colombiana - Pedro Santana Rodr&#xED;guez 253 -- Gobernabilidad democr&#xE1;tica en Venezuela: entre consensos y conflictos - Raquel Gamus 265 -- La sociedad civil transnacional en el debate sobre integraci&#xF3;n y gobernabilidad democr&#xE1;tica regional en el Gran Caribe - Hern&#xE1;n Y&#xE1;nez Quintero 287 -- Autores 299</subfield>
  </datafield>
  <datafield tag="590" ind1=" " ind2=" ">
    <subfield code="6">Inventariado, 2022/VM</subfield>
  </datafield>
  <datafield tag="650" ind1=" " ind2=" ">
    <subfield code="a">Gobernabilidad  </subfield>
    <subfield code="z">Caribe  (Regi&#xF3;n) </subfield>
    <subfield code="v">Ensayos, conferencias, etc.</subfield>
  </datafield>
  <datafield tag="650" ind1=" " ind2=" ">
    <subfield code="a">Problemas sociales</subfield>
    <subfield code="z">Caribe (Regi&#xF3;n)</subfield>
    <subfield code="v">Ensayos, conferencias. etc. </subfield>
  </datafield>
  <datafield tag="651" ind1=" " ind2="4">
    <subfield code="a">Caribe  (Regi&#xF3;n) </subfield>
    <subfield code="x">Pol&#xED;tica y gobierno </subfield>
    <subfield code="v">Ensayos, conferencias, etc.</subfield>
  </datafield>
  <datafield tag="700" ind1="1" ind2=" ">
    <subfield code="a">Gonz&#xE1;lez Ruiz, Carlos,</subfield>
    <subfield code="e">ed.</subfield>
  </datafield>
  <datafield tag="710" ind1="2" ind2=" ">
    <subfield code="a">FLACSO Programa (Rep&#xFA;blica Dominicana)</subfield>
  </datafield>
  <datafield tag="910" ind1=" " ind2=" ">
    <subfield code="a">VMateo V. /Validado</subfield>
  </datafield>
  <datafield tag="942" ind1=" " ind2=" ">
    <subfield code="2">ddc</subfield>
    <subfield code="c">BK</subfield>
  </datafield>
  <datafield tag="952" ind1=" " ind2=" ">
    <subfield code="0">0</subfield>
    <subfield code="1">0</subfield>
    <subfield code="2">ddc</subfield>
    <subfield code="4">0</subfield>
    <subfield code="7">0</subfield>
    <subfield code="8">CD</subfield>
    <subfield code="a">BPMET</subfield>
    <subfield code="b">BPMET</subfield>
    <subfield code="d">2022-10-05</subfield>
    <subfield code="l">0</subfield>
    <subfield code="o">BPMSU CD 320.9729 D578r 2002</subfield>
    <subfield code="p">BPMSU22100018</subfield>
    <subfield code="r">2022-10-05</subfield>
    <subfield code="w">2022-10-05</subfield>
    <subfield code="y">BK</subfield>
  </datafield>
  <datafield tag="952" ind1=" " ind2=" ">
    <subfield code="0">0</subfield>
    <subfield code="1">0</subfield>
    <subfield code="2">ddc</subfield>
    <subfield code="4">0</subfield>
    <subfield code="7">0</subfield>
    <subfield code="8">CD</subfield>
    <subfield code="a">BPMET</subfield>
    <subfield code="b">BPMET</subfield>
    <subfield code="d">2022-10-05</subfield>
    <subfield code="e">FLASCSO</subfield>
    <subfield code="l">0</subfield>
    <subfield code="o">BPMSU CD 320.9729 D578r 2002</subfield>
    <subfield code="p">BPMSU22100019</subfield>
    <subfield code="r">2022-10-05</subfield>
    <subfield code="t">e.2</subfield>
    <subfield code="w">2022-10-05</subfield>
    <subfield code="y">BK</subfield>
  </datafield>
  <datafield tag="952" ind1=" " ind2=" ">
    <subfield code="0">0</subfield>
    <subfield code="1">0</subfield>
    <subfield code="2">ddc</subfield>
    <subfield code="4">0</subfield>
    <subfield code="7">0</subfield>
    <subfield code="8">CD</subfield>
    <subfield code="a">BPMET</subfield>
    <subfield code="b">BPMET</subfield>
    <subfield code="d">2022-10-05</subfield>
    <subfield code="e">FLASCSO</subfield>
    <subfield code="l">0</subfield>
    <subfield code="o">BPMSU CD 320.9729 D578r 2002</subfield>
    <subfield code="p">BPMSU22100020</subfield>
    <subfield code="r">2022-10-05</subfield>
    <subfield code="t">e.3</subfield>
    <subfield code="w">2022-10-05</subfield>
    <subfield code="y">BK</subfield>
  </datafield>
  <datafield tag="999" ind1=" " ind2=" ">
    <subfield code="c">14296</subfield>
    <subfield code="d">14296</subfield>
  </datafield>
</record>
